000 01385nam2a22002651 4500
001 rc\3566618
005 20250610073212.0
021 _aRU
_b[73-60683]
035 _a(NLR Aleph) 007799036
090 _a7676939
_c7676939
100 _a20130115d1973 |||y0rusy50 ca
101 0 _arus
102 _aRU
105 _aa z |||||
200 1 _aФизические основы работы электровакуумных приборов. Электронные лампы
210 _d1973
_aБ. м.
215 _a86 с.
_cчерт.
461 0 _1001rc\3215159
_12001#$aЭлектровакуумные приборы$eКонспект лекций курса "Электровакуумные и полупроводниковые приборы"$fЛенингр. электротехн. ин-т им. В.И. Ульянова (Ленина)$vВып. 1
_97357499
_cЛенинград
_d1973
_fЛенингр. электротехн. ин-т им. В.И. Ульянова (Ленина)
_nЛЭТИ
_oКонспект лекций курса "Электровакуумные и полупроводниковые приборы"
_tЭлектровакуумные приборы
_vВып. 1
700 1 _aКропоткин
_bМ.А.
701 1 _aМезенов
_bА.В.
801 0 _aRU
_bNLR
_gpsbo
801 1 _aRU
_bELAR
_2rusmarc
852 _aNLR
_j73-4/22685
942 _cBOOK
980 _aNB